| 000 | 01186 a2200193 4500 | ||
|---|---|---|---|
| 003 | Nust | ||
| 005 | 20230206105648.0 | ||
| 020 | _a0195774620 | ||
| 040 | _cNust | ||
| 082 | _a954.9042,WOL | ||
| 100 |
_aWolpert, Stanley _960518 |
||
| 245 |
_aJinnah of Pakistan / _cStanley Wolpert, |
||
| 260 |
_aOxford University Press _bLahore _c1998 |
||
| 300 |
_axii, 421 p _billus _c19 cm _edigars |
||
| 505 | _aKarachi (Page-3), Bombay (1896-1910) (Page-16), Calcutta (1910-15) (Page-32), Lucknow to Bombay (1916-18) (Page-42), Amritsar to Nagpur (1919-21) (Page-61), Retreat to Bombay (1921-24) (Page-73), New Delhi (1924-28) (Page-80), Calcutta (1928) (Page-92), London (1930-33) (Page-119), Toward Lahore (1938-40) (Page-155), Lahore to Delhi (1940-43) (Page-184), Karachi and Bombay Revisited (1943-44) (Page-221), Simla (1944-45) (Page-237), Quetta and Peshawar (1945-46), (Page-247), Simla Revisted (1946) (Page-261), Bombay to Londo,n (1946) (Page-280), London Final Farewell (1946) (Page-297), New Delhi (1947) (Page-306), Karachi Pakistan Zindabad (1947) (Page-332) Ziarat (1948) (Page-355). | ||
| 600 |
_aWolpert, Stanley _960518 |
||
| 650 |
_aQuaid-i-Azam _9108479 |
||
| 942 |
_2ddc _cBK |
||
| 999 |
_c187495 _d187495 |
||